Možnosti eliminácie nedokonalostí účtovnej legislatívy z pohľadu audítora

Z histórie vývoja účtovníctva. Verný a pravdivý obraz z pohľadu účtovnej legislatívy v SR. Pravdivý a verný obraz z pohľadu smernice EÚ a z pohľadu IFRS. Rámec finančného vykazovania z pohľadu auditu. Vybrané nedokonalosti účtovnej legislatívy.

Gespeichert in:
Bibliographische Detailangaben
1. Verfasser: Gedeon, Milan, 1993-
Format: Buchkapitel
Sprache:Slowakisch
Schlagworte:
Tags: Tag hinzufügen
Keine Tags, Fügen Sie das erste Tag hinzu!

MARC

LEADER 00000naa$a2200000$$$4500
001 0242435
005 20240502073937.1
041 0 |a slo 
044 |a SK 
245 1 0 |a Možnosti eliminácie nedokonalostí účtovnej legislatívy z pohľadu audítora  |c Milan Gedeon 
520 |a Z histórie vývoja účtovníctva. Verný a pravdivý obraz z pohľadu účtovnej legislatívy v SR. Pravdivý a verný obraz z pohľadu smernice EÚ a z pohľadu IFRS. Rámec finančného vykazovania z pohľadu auditu. Vybrané nedokonalosti účtovnej legislatívy. 
610 2 0 |a účtovníctvo 
610 2 0 |a výkazy finančné 
610 2 0 |a legislatíva 
610 2 0 |a smernice 
610 2 0 |a IFRS 
610 2 0 |a audit 
610 2 0 |a štandardy audítorské medzinárodné 
100 1 |a Gedeon, Milan, 1993-